|
|
|
|
| LEADER |
01246nam a2200349 a 4500 |
| 001 |
000282161 |
| 003 |
CZ BrMZK |
| 005 |
20210505122444.0 |
| 007 |
ta |
| 008 |
980115s1997 xr e p cze d |
| 015 |
|
|
|a cnb000302134
|
| 020 |
|
|
|a 80-85981-71-8
|
| 035 |
|
|
|a (OCoLC)39316835
|
| 040 |
|
|
|a BOA001
|b cze
|
| 072 |
|
7 |
|a 623
|x Vojenská technika
|2 Konspekt
|9 19
|
| 072 |
|
7 |
|a 37.016
|x Učební osnovy. Vyučovací předměty. Učebnice
|2 Konspekt
|9 22
|
| 080 |
|
|
|a 623.4.02
|2 MRF
|
| 080 |
|
|
|a 623.44
|2 MRF
|
| 080 |
|
|
|a (075.8)
|2 MRF
|
| 100 |
1 |
|
|a Dočkal, Petr
|4 aut
|
| 245 |
1 |
0 |
|a Základy střelecké přípravy pro policisty /
|c Petr Dočkal
|
| 250 |
|
|
|a Vyd. 1.
|
| 260 |
|
|
|a Praha :
|b Policejní akademie,
|c 1997
|
| 300 |
|
|
|a 96 s. :
|b il. ;
|c 29 cm
|
| 500 |
|
|
|a Určeno posl. Policejní akad. ČR. - Bibliogr.
|
| 650 |
0 |
7 |
|a střelba
|7 ph116323
|2 czenas
|
| 650 |
0 |
7 |
|a ruční palné zbraně
|7 ph116089
|2 czenas
|
| 655 |
|
7 |
|a učebnice vysokých škol
|7 fd133772
|2 czenas
|
| 710 |
2 |
|
|a Policejní akademie České republiky.
|b Katedra profesní a tělesné přípravy
|7 ko2002159767
|
| 910 |
|
|
|a BOA001
|b 4-1041.812
|
| 990 |
|
|
|a BK
|
| 996 |
6 |
|
|b 2610065585
|c 4-1041.812
|l MZK
|r Sklad / do 1 hodiny
|n 24
|p p.v.
|w 000282161
|u 000010
|a 1
|e BOA001
|j MZK50
|s P
|